Prime Proverbs with origin Explanation Examples (Record no. 206284)

MARC details
000 -LEADER
fixed length control field 00491nam a2200205Ia 4500
008 - FIXED-LENGTH DATA ELEMENTS--GENERAL INFORMATION
fixed length control field 240823s9999||||xx |||||||||||||| ||und||
020 ## - INTERNATIONAL STANDARD BOOK NUMBER
International Standard Book Number 81-86804-10-2
082 ## - DEWEY DECIMAL CLASSIFICATION NUMBER
-- 398.9203 P6
100 ## - MAIN ENTRY--PERSONAL NAME
Personal name Reddy G S
245 #0 - TITLE STATEMENT
Title Prime Proverbs with origin Explanation Examples
250 ## - EDITION STATEMENT
Edition statement 3rd
260 ## - PUBLICATION, DISTRIBUTION, ETC. (IMPRINT)
Date of publication, distribution, etc 2006
Name of publisher, distributor, etc "Neelkamal,Hyd"
500 ## - GENERAL NOTE
General note YES
650 ## - SUBJECT ADDED ENTRY--TOPICAL TERM
Topical term or geographic name as entry element General
700 ## - ADDED ENTRY--PERSONAL NAME
Personal name Anuradha R V
942 ## - ADDED ENTRY ELEMENTS (KOHA)
Item type Books
Holdings
Withdrawn status Lost status Damaged status Permanent location Current location Date acquired Cost, normal purchase price Full call number Barcode Date last seen Koha item type
      CENTRAL LIBRARY, NOORUL ISLAM CENTRE FOR HIGHER EDUCATION CENTRAL LIBRARY, NOORUL ISLAM CENTRE FOR HIGHER EDUCATION 02/12/2014 80.00 398.9203 P6 56917 08/23/2024 Books
Visitors:
Copyright © 2024 Central Library NICHE.  All rights reserved.